[Event "Kingston President's inv"]
[Site "Kingston"]
[Date "2013.08.07"]
[Round "3"]
[White "Wilson, Brandon"]
[Black "Mellace, Andrew"]
[Result "1-0"]
[WhiteElo "2105"]
[BlackElo "2061"]
[PlyCount "117"]
[EventDate "2013.08.03"]
[EventType "tourn"]
[EventRounds "9"]
[EventCountry "JAM"]
[SourceTitle "EXT 2018"]
[Source "ChessBase"]
[SourceDate "2017.10.13"]
[SourceVersion "1"]
[SourceVersionDate "2017.10.13"]
[SourceQuality "1"]

1. e4 c5 2. Nc3 Nc6 3. f4 g6 4. Nf3 Bg7 5. Bb5 Nd4 6. 0-0 e6 7. e5 Ne7 8. Nxd4 cxd4 9. Ne4 0-0 10. d3 Nf5 11. g4 d5 12. gxf5 dxe4 13. f6 e3 14. fxg7 Kxg7 15. a4 a6 16. Bc4 b6 17. c3 Bb7 18. cxd4 Qxd4 19. Qe2 b5 20. Bxe3 Qd7 21. Bb3 Qc6 22. Rac1 Qh1+ 23. Kf2 Qxh2+ 24. Ke1 Qh4+ 25. Rf2 bxa4 26. Bxa4 Rfc8 27. Rc3 Bd5 28. Bd1 h5 29. Rxc8 Rxc8 30. Bd2 Bc6 31. Bc3 Bb5 32. Qe3 Rd8 33. Be2 Qh1+ 34. Rf1 Qd5 35. Kd2 Qb3 36. Ra1 Qd5 37. d4 Qg2 38. Rg1 Qh2 39. Rf1 Qh4 40. Qg1 Rd7 41. Rf2 Qd8 42. Ke3 Bxe2 43. Rxe2 Ra7 44. Qg5 Qxg5 45. fxg5 Kf8 46. Bb4+ Ke8 47. Rc2 Kd7 48. Bc5 Rb7 49. Ba3 Rb3+ 50. Rc3 Rxc3+ 51. bxc3 a5 52. c4 Kc6 53. Ke4 a4 54. Bc5 Kc7 55. d5 Kd7 56. Kd3 Ke8 57. Kc3 h4 58. Bf2 h3 59. Bg3 1-0

[Event "Kingston Wheeler op"]
[Site "Kingston"]
[Date "2013.05.25"]
[Round "2"]
[White "Hinds, Nathan"]
[Black "Mellace, Andrew"]
[Result "0-1"]
[WhiteElo "1895"]
[BlackElo "2061"]
[PlyCount "102"]
[EventDate "2013.05.25"]
[EventType "swiss"]
[EventRounds "5"]
[EventCountry "JAM"]
[SourceTitle "EXT 2015"]
[Source "ChessBase"]
[SourceDate "2014.11.20"]
[SourceVersion "1"]
[SourceVersionDate "2014.11.20"]
[SourceQuality "1"]

1. c4 Nf6 2. Nc3 g6 3. g3 Bg7 4. Bg2 c5 5. Nf3 Nc6 6. d3 0-0 7. Bd2 d6 8. Qc1 e5 9. Bg5 Be6 10. e4 Qd7 11. Bxf6 Bxf6 12. 0-0 Bg7 13. Ne1 f5 14. exf5 Rxf5 15. g4 Rf4 16. h3 Nd4 17. f3 Raf8 18. Qd1 Qe7 19. Ne2 R4f7 20. Nxd4 exd4 21. Qd2 Rf4 22. Nc2 Bd7 23. Rae1 Be5 24. Re4 Bc6 25. Rxf4 Rxf4 26. Qe2 Qg5 27. b4 b6 28. b5 Bb7 29. a4 Rf7 30. f4 Bxf4 31. Qe8+ Kg7 32. Bxb7 Rxb7 33. Qe4 Rf7 34. Kg2 h5 35. Qf3 Kh6 36. Kh1 Qh4 37. Ne1 Bg3 38. Kg2 hxg4 39. Qxg4 Qxg4 40. hxg4 Rxf1 41. Kxf1 Bxe1 42. Kxe1 Kg5 43. Kf2 Kxg4 44. Kg2 Kf4 45. Kf2 g5 46. Ke2 Kg3 47. Kd2 Kf2 48. Kc2 Ke2 49. a5 g4 50. a6 g3 51. Kb3 Kxd3 0-1

[Event "Kingston Wheeler op"]
[Site "Kingston"]
[Date "2013.05.25"]
[Round "1"]
[White "Mellace, Andrew"]
[Black "Burford, Jerome"]
[Result "1-0"]
[WhiteElo "2061"]
[BlackElo "1601"]
[PlyCount "63"]
[EventDate "2013.05.25"]
[EventType "swiss"]
[EventRounds "5"]
[EventCountry "JAM"]
[SourceTitle "EXT 2015"]
[Source "ChessBase"]
[SourceDate "2014.11.20"]
[SourceVersion "1"]
[SourceVersionDate "2014.11.20"]
[SourceQuality "1"]

1. e4 e6 2. d4 d5 3. Nd2 Nc6 4. Ngf3 Bd6 5. e5 Be7 6. c3 Bd7 7. Bd3 h6 8. Nf1 Na5 9. Qe2 c5 10. dxc5 Bxc5 11. b4 Bxb4 12. cxb4 Nc6 13. b5 Nb4 14. a4 Rc8 15. Bd2 Nxd3+ 16. Qxd3 Ne7 17. Ng3 Ng6 18. Qa3 Rc4 19. 0-0 h5 20. Rac1 h4 21. Rxc4 dxc4 22. Ne4 f5 23. Nd6+ Kf8 24. Nxb7+ Qe7 25. Bb4 Kf7 26. Bxe7 Nxe7 27. Ng5+ Ke8 28. Rd1 Nd5 29. Qd6 Rf8 30. Rxd5 exd5 31. e6 Rf6 32. exd7# 1-0

[Event "Kingston Wheeler op"]
[Site "Kingston"]
[Date "2013.05.25"]
[Round "3"]
[White "Mellace, Andrew"]
[Black "Wilson, Brandon"]
[Result "0-1"]
[WhiteElo "2061"]
[BlackElo "2072"]
[PlyCount "90"]
[EventDate "2013.05.25"]
[EventType "swiss"]
[EventRounds "5"]
[EventCountry "JAM"]
[SourceTitle "EXT 2015"]
[Source "ChessBase"]
[SourceDate "2014.11.20"]
[SourceVersion "1"]
[SourceVersionDate "2014.11.20"]
[SourceQuality "1"]

1. e4 c5 2. Nf3 Nc6 3. Bb5 Nd4 4. Nxd4 cxd4 5. 0-0 Nf6 6. d3 g6 7. Bc4 d6 8. Bf4 Bg7 9. Qc1 0-0 10. Bh6 Bd7 11. a4 Rc8 12. Bxg7 Kxg7 13. Nd2 Qc7 14. Nf3 e5 15. Qg5 Bg4 16. Kh1 h6 17. Qh4 Bxf3 18. gxf3 Nh5 19. Rg1 Nf4 20. Rg4 a6 21. Rag1 b5 22. axb5 axb5 23. Bb3 Ra8 24. h3 Qd8 25. Qg3 Qf6 26. Re1 Ra7 27. Kh2 Rfa8 28. Qg1 h5 29. Rg5 Kh6 30. h4 Qe7 31. Qf1 Qd7 32. Rg3 f6 33. Bd5 Rc8 34. Bb3 g5 35. hxg5+ fxg5 36. Qg1 Qe7 37. Qh1 Rf8 38. Kg1 Rf6 39. Kf1 Qd8 40. Kg1 Qa5 41. Kh2 Qd2 42. Qf1 Ng6 43. Qe2 Qf4 44. Kh3 Qh4+ 45. Kg2 Nf4+ 0-1

[Event "Bridgetwon op"]
[Site "Bridgetwon"]
[Date "2013.04.27"]
[Round "2"]
[White "Shepherd, Jonathan"]
[Black "Mellace, Andrew"]
[Result "0-1"]
[WhiteElo "1494"]
[BlackElo "2061"]
[PlyCount "118"]
[EventDate "2013.04.27"]
[EventType "swiss"]
[EventRounds "8"]
[EventCountry "BAR"]
[SourceTitle "CBM 154 Extra"]
[Source "ChessBase"]
[SourceDate "2013.06.25"]
[SourceVersion "2"]
[SourceVersionDate "2013.06.25"]
[SourceQuality "1"]

1. e4 c5 2. Nf3 Nc6 3. Bc4 d6 4. 0-0 Nf6 5. Re1 Bg4 6. c3 e6 7. d4 Bxf3 8. Qxf3 cxd4 9. Bb5 Qb6 10. Qd3 dxc3 11. Nxc3 a6 12. Bxc6+ Qxc6 13. Bf4 Be7 14. h3 0-0 15. Rac1 Qb6 16. b3 Rac8 17. Na4 Qb4 18. Bd2 Qa3 19. Qb1 d5 20. e5 Ne4 21. Be3 Qb4 22. Nb6 Rc6 23. Rxc6 bxc6 24. Rc1 Nc3 25. Qc2 d4 26. Na4 Nxa4 27. bxa4 dxe3 28. fxe3 Rc8 29. Qc4 Qxc4 30. Rxc4 Kf8 31. Kf2 Ke8 32. Kf3 Kd7 33. h4 Rb8 34. h5 Rb4 35. Rxb4 Bxb4 36. Ke4 Bc3 37. g4 h6 38. Kd3 Bxe5 39. e4 Kd6 40. Kc4 c5 41. Kd3 Bd4 42. Kc4 Ke5 43. Kd3 Kf4 44. Ke2 Kxg4 45. Kd3 Kxh5 46. Kc4 Kg4 47. e5 Kf4 48. Kd3 Kxe5 49. Ke2 Ke4 50. Kd2 h5 51. Ke2 h4 52. Kf1 Kf3 53. Ke1 h3 54. Kd2 c4 55. Kc2 Ke2 56. Kc1 Kd3 57. a3 h2 58. Kb1 h1Q+ 59. Ka2 Qa1# 0-1

[Event "Olympiad-40"]
[Site "Istanbul"]
[Date "2012.09.05"]
[Round "8.4"]
[White "Kim, Inguh"]
[Black "Mellace, Andrew"]
[Result "0-1"]
[WhiteElo "1790"]
[BlackElo "2081"]
[PlyCount "74"]
[EventDate "2012.08.28"]
[EventType "team-swiss"]
[EventRounds "11"]
[EventCountry "TUR"]
[SourceTitle "CBM 151"]
[Source "ChessBase"]
[SourceDate "2012.11.13"]
[SourceVersion "1"]
[SourceVersionDate "2012.11.13"]
[SourceQuality "1"]
[WhiteTeam "South Korea"]
[BlackTeam "Jamaica"]
[WhiteTeamCountry "KOR"]
[BlackTeamCountry "JAM"]

1. d4 Nf6 2. Nf3 g6 3. c4 Bg7 4. e3 d6 5. Bd3 c5 6. Nc3 0-0 7. 0-0 cxd4 8. exd4 Bg4 9. Be3 Nc6 10. Be2 e5 11. d5 Ne7 12. Qd2 Rc8 13. b3 a6 14. a4 Nf5 15. Ng5 Bxe2 16. Qxe2 Nxe3 17. Qxe3 Ng4 18. Qd2 Bh6 19. Nce4 f5 20. f4 fxe4 21. Ne6 Qb6+ 22. c5 Rxc5 23. Kh1 e3 24. Qe2 Nf2+ 25. Kg1 exf4 26. Qf3 Rc2 27. Nxf8 Kxf8 28. Rfe1 Qxb3 29. Rab1 Qc3 30. Kf1 Nd3 31. Rxe3 Rc1+ 32. Rxc1 Qxc1+ 33. Ke2 Qxe3+ 34. Qxe3 fxe3 35. Kxd3 b5 36. axb5 axb5 37. g4 b4 0-1

[Event "Olympiad-40"]
[Site "Istanbul"]
[Date "2012.08.31"]
[Round "4.4"]
[White "Mellace, Andrew"]
[Black "Hammoudi, Ali"]
[Result "0-1"]
[WhiteElo "2081"]
[BlackElo "2155"]
[PlyCount "75"]
[EventDate "2012.08.28"]
[EventType "team-swiss"]
[EventRounds "11"]
[EventCountry "TUR"]
[SourceTitle "CBM 151"]
[Source "ChessBase"]
[SourceDate "2012.11.13"]
[SourceVersion "1"]
[SourceVersionDate "2012.11.13"]
[SourceQuality "1"]
[WhiteTeam "Jamaica"]
[BlackTeam "Syria"]
[WhiteTeamCountry "JAM"]
[BlackTeamCountry "SYR"]

1. e4 e5 2. d4 exd4 3. Nf3 Nc6 4. Bc4 Nf6 5. e5 d5 6. Bb5 Ne4 7. Nxd4 Bd7 8. Bxc6 bxc6 9. 0-0 Bc5 10. Be3 Qe7 11. f3 Nd6 12. Bf2 Nf5 13. c3 0-0 14. Re1 Rab8 15. Qc2 Bxd4 16. cxd4 Qb4 17. b3 Nxd4 18. Qd1 c5 19. Nd2 a5 20. Rc1 a4 21. a3 Qxa3 22. Bxd4 cxd4 23. Rxc7 Rfd8 24. bxa4 Bxa4 25. Qe2 Rb2 26. e6 Qe3+ 27. Qxe3 dxe3 28. exf7+ Kf8 29. Nf1 d4 30. h3 e2 31. Ng3 d3 32. Ne4 d2 33. Nxd2 Rdxd2 34. Kf2 Bb5 35. Ra1 Ra2 36. Re1 Rd1 37. Rc1 Rad2 38. Rg1 0-1

[Event "Olympiad-40"]
[Site "Istanbul"]
[Date "2012.08.30"]
[Round "3.4"]
[White "Mellace, Andrew"]
[Black "Yahi, Mohamed Salem"]
[Result "1-0"]
[WhiteElo "2081"]
[BlackElo "1895"]
[PlyCount "124"]
[EventDate "2012.08.28"]
[EventType "team-swiss"]
[EventRounds "11"]
[EventCountry "TUR"]
[SourceTitle "CBM 151"]
[Source "ChessBase"]
[SourceDate "2012.11.13"]
[SourceVersion "1"]
[SourceVersionDate "2012.11.13"]
[SourceQuality "1"]
[WhiteTeam "Jamaica"]
[BlackTeam "Mauritania"]
[WhiteTeamCountry "JAM"]
[BlackTeamCountry "MAU"]

1. e4 d6 2. d4 Nf6 3. Nc3 g6 4. Nge2 Bg7 5. Ng3 Nc6 6. d5 Nb4 7. a3 Na6 8. Bb5+ Bd7 9. Bxa6 bxa6 10. Qd3 Qc8 11. 0-0 0-0 12. f4 h5 13. e5 dxe5 14. fxe5 Ng4 15. e6 fxe6 16. Qxg6 Rxf1+ 17. Nxf1 Qf8 18. Be3 Be8 19. Qxe6+ Bf7 20. Qf5 Nxe3 21. Nxe3 Bd4 22. Qe4 Qg7 23. Rd1 Bb6 24. Kh1 Bg6 25. Nf5 Bxf5 26. Qxf5 Rf8 27. Qe6+ Kh8 28. Ne4 h4 29. c3 Rf4 30. h3 Qf8 31. Qe5+ Kg8 32. Qg5+ Kh8 33. Qe5+ Kg8 34. Qg5+ Kh8 35. Nd2 Qf7 36. Nf3 Bc5 37. Re1 Rf6 38. Qxh4+ Kg8 39. Re5 Rg6 40. Rg5 Bd6 41. Rxg6+ Qxg6 42. Qg5 Kg7 43. g4 a5 44. Qxg6+ Kxg6 45. a4 Bf4 46. b3 Kf6 47. Kg2 e5 48. dxe6 Kxe6 49. Kf2 Kd5 50. Ke2 c5 51. Kd3 a6 52. h4 Bh6 53. g5 Bg7 54. c4+ Ke6 55. Ke4 Bc3 56. h5 Bb2 57. h6 Bc3 58. g6 Bf6 59. g7 Kf7 60. Kf5 Bb2 61. Ng5+ Kg8 62. Ne6 Bc1 1-0

[Event "JAM-ch"]
[Site "Kingston"]
[Date "2011.07.16"]
[Round "2"]
[White "Mellace, Andrew"]
[Black "Wilkinson, Ian"]
[Result "0-1"]
[WhiteElo "1998"]
[BlackElo "1929"]
[PlyCount "84"]
[EventDate "2011.07.15"]
[EventType "tourn"]
[EventRounds "11"]
[EventCountry "JAM"]
[SourceTitle "EXT 2012"]
[Source "ChessBase"]
[SourceDate "2011.11.24"]
[SourceVersion "1"]
[SourceVersionDate "2011.11.24"]
[SourceQuality "1"]

1. e4 c5 2. d4 cxd4 3. c3 Nf6 4. e5 Nd5 5. Qxd4 e6 6. Nf3 Nc6 7. Qe4 d6 8. Bb5 Qc7 9. c4 Nb6 10. exd6 Bxd6 11. 0-0 a6 12. Bxc6+ Qxc6 13. Qg4 g6 14. b3 f6 15. Bb2 e5 16. Qh4 Be7 17. Re1 h5 18. c5 Nd5 19. Nbd2 Nf4 20. Bxe5 g5 21. Qg3 h4 22. Nxh4 Rxh4 23. Bxf4 Rxf4 24. Qe3 Qc7 25. Ne4 Kf8 26. Nd6 Bg4 27. h3 Bh5 28. Qe6 a5 29. Nf5 Re8 30. Nh6 Kg7 31. Nf5+ Rxf5 32. Qxf5 Bxc5 33. Rac1 b6 34. a3 Qd6 35. Rxe8 Bxe8 36. Qf3 Bc6 37. Qg4 Qd2 38. Rxc5 bxc5 39. Qe6 Qd5 40. Qg4 Qxb3 41. h4 Qb1+ 42. Kh2 Qe4 0-1

[Event "St Jago Elite op"]
[Site "Spanish Town"]
[Date "2011.07.02"]
[Round "1"]
[White "Mellace, Andrew"]
[Black "Matthews, Shane"]
[Result "1-0"]
[WhiteElo "1998"]
[BlackElo "2221"]
[PlyCount "95"]
[EventDate "2011.07.02"]
[EventType "swiss"]
[EventRounds "4"]
[EventCountry "JAM"]
[SourceTitle "EXT 2013"]
[Source "ChessBase"]
[SourceDate "2012.11.22"]
[SourceVersion "1"]
[SourceVersionDate "2012.11.22"]
[SourceQuality "1"]

1. e4 c5 2. d4 cxd4 3. c3 dxc3 4. Nxc3 Nc6 5. Nf3 d6 6. Bc4 a6 7. 0-0 Nf6 8. h3 e6 9. Qe2 Be7 10. Rd1 Qa5 11. Bf4 Ne5 12. Bb3 Bd7 13. Nd4 0-0 14. Bd2 Qc7 15. Rac1 Nc6 16. Nxc6 bxc6 17. Bf4 e5 18. Bg5 Rfc8 19. Bxf6 Bxf6 20. Nd5 Qd8 21. Nxf6+ Qxf6 22. Qd3 Rd8 23. Qxd6 Qxd6 24. Rxd6 Be8 25. Rxd8 Rxd8 26. Rc5 Kf8 27. Rxe5 Rd2 28. Ra5 Rxb2 29. Rxa6 f6 30. Ra7 h5 31. h4 g5 32. e5 fxe5 33. hxg5 Bg6 34. f3 e4 35. fxe4 Bxe4 36. Rf7+ Ke8 37. Rf2 Rxf2 38. Kxf2 c5 39. g3 Ke7 40. Ke3 Bg6 41. Bc4 Kd6 42. Kf4 Bc2 43. Bf7 Bd1 44. g6 Ke7 45. Kg5 Be2 46. Kh6 c4 47. g7 Kxf7 48. Kh7 1-0